000 00897nas a2200277 4500
001 BR2011006713
003 BR-BrBNA
005 20231205115725.0
007 ta
008 230509b bl.|||p| |||| 00| 00por d
040 _aBR-BrBNA
_bpor
_cBiblioteca Nacional de Agricultura
041 _a(Pt)
072 _aQ02
100 1 _aMorais, A.S.
100 1 _aFinzer, J.R.D.
100 1 _aLima Verde, J.R.
245 1 _aCristalização do ácido cítrico da lima ácida tahiti (Citrus latifolia): otimização operacional
246 1 _aCristalization of citric acid of the acid rasp tahiti: operational optimization
650 _aLIMA
650 _aÁCIDO CÍTRICO
650 _aFRUTA CÍTRICA
650 _aCRISTALIZAÇÃO
773 0 _tFazu em Revista (Brazil)
_xISSN 1806-1699
_g(2007), v. 4 p. 39-47
_wBR2011006713
909 _a202311
_bLúcia
_c55
_dLúcia Elande
942 _2AGRIS
_n0
_cANA
999 _c215395
_d215395